Yerler Karo Seçimi - Statistics

General Stats
  • This quiz has been taken 1 127 times
  • The average score is 36 of 80
Answer Stats
Question Tile Select % Correct
Ülkeler Arijejen No
86%
Ülkeler Cibuti Yes
84%
Ülkeler Barbados Yes
80%
Ülkeler Doğu Timor Yes
80%
Ülkeler Morisyen Adaları No
79%
Ülkeler Grenadinler No
76%
Ülkeler Tuvalu Yes
74%
ABD eyaletleri Okean Estadası No
72%
ABD eyaletleri Krızgistan No
71%
Ülkeler Saint Marino ve Grenadinler No
69%
Ülkeler Antigüen ve Barbudan No
68%
Ülkeler Komorlar Yes
68%
ABD eyaletleri Ohio Yes
68%
Ülkeler Saint Principe No
66%
Ülkeler Paruguai No
65%
Ülkeler Grenada Yes
63%
ABD eyaletleri Kolumbiya No
63%
Ülkeler Sao Togo ve Principe No
63%
Ülkeler Trinidad ve Tartoga No
63%
ABD eyaletleri Porto Riko No
59%
Kırgızistanlar Kısrzistan No
56%
Kırgızistanlar Krıgsiztan No
56%
ABD eyaletleri Oregiona No
56%
ABD eyaletleri Indiano No
55%
Kırgızistanlar Kıgısriztan No
55%
Kırgızistanlar Krıgzistan No
55%
Kırgızistanlar Krıgzistan No
55%
Kırgızistanlar Krızgistan No
55%
Kırgızistanlar Krzıgzistan No
55%
Kırgızistanlar Kırgızistan Yes
54%
Kırgızistanlar Kıgrızistan No
53%
Kırgızistanlar Kırgızistan Yes
53%
Kırgızistanlar Kırgızistan Yes
53%
Kırgızistanlar Kırgızistan Yes
53%
Kırgızistanlar Kırgızistan Yes
52%
Kırgızistanlar Kırgızistan Yes
52%
Kırgızistanlar Kırgzistan No
52%
Kırgızistanlar Kırgzistan No
52%
ABD eyaletleri Machasuchets No
48%
Ülkeler Krızgistan No
46%
ABD eyaletleri Alababama No
44%
Başkent olmayan şehirler Abuja No
42%
ABD eyaletleri Missouri Yes
42%
ABD eyaletleri Wisconsin Yes
42%
Başkent olmayan şehirler Gitega No
39%
Başkent olmayan şehirler Dodoma No
38%
Başkent olmayan şehirler Nur-Sultan No
38%
Başkent olmayan şehirler Naypyidaw No
37%
Başkent olmayan şehirler Sri Jayawardenepura Kotte No
37%
Başkent olmayan şehirler Yamusukro No
37%
Başkentler Çioşu No
35%
ABD eyaletleri Delaware Yes
34%
Başkentler Krızgistan No
34%
Başkentler Bimal No
33%
Başkentler Cotonou No
33%
Başkentler Voturu No
33%
ABD eyaletleri Wyoming Yes
33%
Başkentler Citta Kentre No
32%
Başkentler Gilbert No
32%
Başkentler Harore No
32%
Başkent olmayan şehirler Krızgistan No
31%
Başkent olmayan şehirler Porto Yes
31%
ABD eyaletleri Connecticut Yes
30%
Başkentler Bujumbura No
28%
ABD eyaletleri Rhode Island Yes
28%
ABD eyaletleri Hawai No
27%
Başkent olmayan şehirler Darüsselam Yes
26%
Başkent olmayan şehirler Almatı Yes
23%
Başkent olmayan şehirler Yangon Yes
21%
Başkent olmayan şehirler Abidjan Yes
19%
Başkent olmayan şehirler Kolombo Yes
19%
Başkent olmayan şehirler Lagos Yes
19%
Başkentler Malabo Yes
17%
Başkentler Mbabane Yes
17%
Başkentler Niamey Yes
17%
Başkent olmayan şehirler Bujumbura Yes
16%
Başkentler Nuakşot Yes
16%
Başkentler Basseterre Yes
13%
Başkentler Gitega Yes
13%
Başkentler Ngerulmud Yes
11%
No matching quizzes found
Score Distribution
Percent of People with Each Score
Percentile by Number Answered
Your Score History
You have not taken this quiz